LEADER 00894nam0-22003251i-450- 001 990008093590403321 005 20070109153817.0 010 $a88-420-6737-7 020 $aIT$b2004-1086 035 $a000809359 035 $aFED01000809359 035 $a(Aleph)000809359FED01 035 $a000809359 100 $a20050420d2003----km-y0itay50------ba 101 0 $aita 102 $aIT 105 $ay-------001yy 200 1 $aMarco Antonio$fGiusto Traina 210 $aRoma ... [etc.]$cGLF editori Laterza$d2003 215 $aIX, 131 p.$d18 cm 225 1 $aBiblioteca essenziale Laterza$v49 676 $a937.05092$v21$zita 700 1$aTraina,$bGiusto$f<1959- >$0139519 801 0$aIT$bUNINA$gRICA$2UNIMARC 901 $aBK 912 $a990008093590403321 952 $aDDR-XX Cb 135.20$b8272 ddr$fDDR$m21-5949 959 $aDDR 996 $aMarco Antonio$9753309 997 $aUNINA LEADER 01142nam 2200385 450 001 9910169214403321 005 20221018181207.0 010 $a953-51-5081-2 010 $a953-51-2661-X 035 $a(CKB)3710000001157029 035 $a(NjHacI)993710000001157029 035 $a(EXLCZ)993710000001157029 100 $a20221018d2016 uy 0 101 0 $aeng 135 $aur||||||||||| 181 $ctxt$2rdacontent 182 $cc$2rdamedia 183 $acr$2rdacarrier 200 00$aTopics in climate modeling /$fedited by Theodore Hromadka and Prasada Rao 210 1$aRijeka, Croatia :$cIntechOpen,$d[2016] 210 4$dİ2016 215 $a1 online resource (166 pages) $cillustrations 311 $a953-51-2660-1 320 $aIncludes bibliographical references. 606 $aClimatology$xMathematical models 615 0$aClimatology$xMathematical models. 676 $a551.6015118 702 $aHromadka$b Theodore 702 $aRao$b Prasada 801 0$bNjHacI 801 1$bNjHacl 906 $aBOOK 912 $a9910169214403321 996 $aTopics in Climate Modeling$91968898 997 $aUNINA